Washington D.C. Metro Stations - Statistics

General Stats
  • This quiz has been taken 629 times
    622 since last reset
  • The average score is 37 of 85
Answer Stats
Metro Station % Correct
Foggy Bottom-GWU
80%
Metro Center
80%
Gallery Place-Chinatown
77%
Pentagon
72%
Smithsonian
71%
Union Station
69%
Dupont Circle
68%
Woodley Park-Zoo-Adams Morgan
67%
Bethesda
66%
Silver Spring
64%
Farragut North
63%
L'Enfant Plaza
63%
Shady Grove
62%
Farragut West
61%
Vienna
60%
Crystal City
59%
Pentagon City
59%
Rosslyn
59%
Tenleytown-American Univ
58%
Greenbelt
56%
Rockville
55%
Glenmont
53%
Navy Yard
53%
U Street-Cardozo
53%
College Park-U of MD
52%
Archives-Navy Memorial-Penn Quarter
51%
Federal Triangle
51%
Franconia-Springfield
51%
East Falls Church
50%
Friendship Heights
49%
King St.
49%
Ballston
47%
Cleveland Park
47%
Fort Totten
47%
McPherson Square
47%
West Falls Church
47%
Capitol South
46%
Judiciary Square
46%
Clarendon
45%
Shaw-Howard University
45%
Arlington Cemetery
43%
Courthouse
43%
Eastern Market
43%
National Airport
43%
Columbia Heights
42%
Takoma
42%
Huntington
40%
Mount Vernon Square-7th St-Convention Center
40%
Wheaton
40%
Rhode Island Ave
39%
Largo Town Center
38%
Medical Center
38%
Georgia Ave-Petworth
37%
Brookland-CUA
36%
Grosvenor-Strathmore
36%
Stadium Armory
36%
Waterfront-SEU
36%
White Flint
36%
New Carrollton
34%
New York Ave-Gallaudet Univ
33%
Van Ness-UDC
32%
Virginia Square
32%
Braddock Road
30%
Branch Avenue
29%
Dunn Loring
29%
Twinbrook
29%
Landover
28%
Prince George's Plaza
28%
Forest Glen
27%
Minnesota Avenue
27%
Eisenhower Avenue
26%
West Hyattsville
26%
Capitol Heights
25%
Van Dorn
25%
Federal Center SW
23%
Potomac Avenue
23%
Benning Road
22%
Cheverly
21%
Congress Heights
21%
Addison Road
20%
Suitland
20%
Deanwood
17%
Naylor Road
16%
Morgan Boulevard
13%
Southern Avenue
11%
No matching quizzes found
Score Distribution
Percent of People with Each Score
Percentile by Number Answered
Your Score History
You have not taken this quiz since the last reset